| 000 | 00867nam a2200289Ia 4500 | ||
|---|---|---|---|
| 001 | Z_2016 | ||
| 003 | CHAP | ||
| 008 | 220113s1991 xx 000 0 und d | ||
| 010 | _a165089 | ||
| 040 | _cCHAP | ||
| 090 | _aFolleto 351 | ||
| 100 |
_aEguiarte Vázquez, J Alfonso _935765 |
||
| 245 |
_aEl zacate buffel (Cenchrus ciliaris L.) y su potencial forrajero en la Costa del Pacífico / _cpor J. Alfonso Eguiarte Vázquez, Alfredo González Sotelo y Ramón Hernández Virgen |
||
| 260 |
_aMichoacán, Méx. : _bCIPEJ, _c1991 |
||
| 300 | _a24 p. | ||
| 440 | _a | ||
| 500 | _a | ||
| 503 | _a | ||
| 650 |
_aPastos forrajeros I. González Sotelo, Alfredo II. Hernández Virgen, Ramón _9139112 |
||
| 650 |
_aZacate buffel _9123395 |
||
| 901 | _aFolleto 351 | ||
| 902 | _aA | ||
| 910 | _a1991 | ||
| 942 | _cc14 | ||
| 942 | _cc14 | ||
| 999 |
_c165089 _d165089 |
||